Welcome to CU Library Online Public Access Catalogue (OPAC)

Plan of the Baton Rouge as it as been formerly built [fbar] the 20th 1813 / (Record no. 5829)

MARC details
000 -LEADER
fixed length control field 00883cem a22002417a 4500
001 - CONTROL NUMBER
control field 17283020
005 - DATE AND TIME OF LATEST TRANSACTION
control field 20250516165819.0
007 - PHYSICAL DESCRIPTION FIXED FIELD--GENERAL INFORMATION
fixed length control field aj canzn
007 - PHYSICAL DESCRIPTION FIXED FIELD--GENERAL INFORMATION
fixed length control field cr |||||||||||
008 - FIXED-LENGTH DATA ELEMENTS--GENERAL INFORMATION
fixed length control field 120502s1813 dcui a 0 e eng
050 00 - LIBRARY OF CONGRESS CALL NUMBER
Classification number G4014.B3 1813
Item number .L3
100 1# - MAIN ENTRY--PERSONAL NAME
Personal name Lafon, Barthélémy,
Dates associated with a name 1769-1820.
245 10 - TITLE STATEMENT
Title Plan of the Baton Rouge as it as been formerly built [fbar] the 20th 1813 /
Statement of responsibility, etc. Lafon, eng.
260 ## - PUBLICATION, DISTRIBUTION, ETC.
Date of publication, distribution, etc. 1813.
300 ## - PHYSICAL DESCRIPTION
Extent 1 ms. map :
Other physical details col. ;
Dimensions 23 x 16 cm.
500 ## - GENERAL NOTE
General note Relief shown pictorially.
500 ## - GENERAL NOTE
General note Pen-and-ink, pencil, and watercolor.
500 ## - GENERAL NOTE
General note "Office of Chief of Engineers, War Department. 58510 467" on verso.
500 ## - GENERAL NOTE
General note Minimal level cataloging record.
710 1# - ADDED ENTRY--CORPORATE NAME
Corporate name or jurisdiction name as entry element United States.
Subordinate unit War Department.
-- Office of the Chief of Engineers.
856 41 - ELECTRONIC LOCATION AND ACCESS
Path g4014b
Electronic name ct007410
Uniform Resource Identifier <a href="https://hdl.loc.gov/loc.gmd/g4014b.ct007410">https://hdl.loc.gov/loc.gmd/g4014b.ct007410</a>
Electronic format type c
942 ## - ADDED ENTRY ELEMENTS (KOHA)
Source of classification or shelving scheme Library of Congress Classification
Koha item type Books
Suppress in OPAC No
999 ## -
-- 5829
-- 5829
Holdings
Withdrawn status Lost status Source of classification or shelving scheme Damaged status Not for loan Collection Home library Current library Shelving location Date acquired Total checkouts Full call number Barcode Date last seen Copy number Price effective from Koha item type
    Library of Congress Classification     Non-fiction Undergraduate Library (Christ Temple) Undergraduate Library (Christ Temple) General stacks 05/16/2025   HF5549.F5875 FOO ulct00002457 05/16/2025 1 05/16/2025 Books
© 2023-2024 Copyright: Central University Libraries. All Rights Reserved | Created by: Mahone Tech Office